Addressing gender differences in young adolescents /

Bibliographic Details
Main Author: Butler, Deborah A.
Other Authors: Manning, M. Lee
Format: Book
Language:English
Published: Olney, MD : Association for Childhood Education International, [1998]
Subjects:

MARC

Tag First Indicator Second Indicator Subfields
LEADER 00000cam a2200000 a 4500
001 in00001555152
005 20151022061906.0
008 980504s1998 mdua b 000 0 eng
010 |a  98022352  
020 |a 0871731444 (paperback) 
035 |a (OCoLC)ocm39108658 
040 |a DLC  |c DLC  |d UtOrBLW 
043 |a n-us--- 
049 |a TXAM 
050 0 0 |a LB1623  |b .B88 1998 
082 0 0 |a 306.43/2  |2 21 
100 1 |a Butler, Deborah A. 
245 1 0 |a Addressing gender differences in young adolescents /  |c Deborah A. Butler and M. Lee Manning. 
264 1 |a Olney, MD :  |b Association for Childhood Education International,  |c [1998] 
264 4 |c ©1998 
300 |a 133 pages :  |b illustrations ;  |c 26 cm. 
336 |a text  |b txt  |2 rdacontent 
337 |a unmediated  |b n  |2 rdamedia 
338 |a volume  |b nc  |2 rdacarrier 
504 |a Includes bibliographical references. 
650 0 |a Teenagers  |x Education (Middle school)  |z United States. 
650 0 |a Sex differences in education  |z United States. 
650 0 |a Sex differences (Psychology) in adolescence  |z United States. 
650 0 |a Sex discrimination in education  |z United States. 
700 1 |a Manning, M. Lee. 
994 |a E0  |b TXA 
948 |a cataloged  |b h  |c 2000/8/30  |d c  |e blrosas  |f 8:07:42 am 
999 |a MARS 
999 f f |s 33fdc15d-275b-3854-b8d7-cf00a00e1d31  |i 259bea82-b4d3-3f27-a7d6-418b6885b928  |t 0 
952 f f |p normal  |a Texas A&M University  |b College Station  |c Sterling C. Evans Library  |d Evans: Library Stacks  |t 0  |e LB1623 .B88 1998  |h Library of Congress classification  |i unmediated -- volume  |m A14825486147 
998 f f |a LB1623 .B88 1998  |t 0  |l Evans: Library Stacks